Consumer Ethnocentrism: Comparison of Slovakia and the Czech Republic
Skúmanie úrovne a rozdielov spotrebiteľského etnocentrizmu na Slovensku a v Čechách. Meranie bolo vykonávané na základe nástroja CETSCALE. Prezentácia výsledkov meraní. Demografické faktory (vek a pohlavie) spotrebiteľského etnocentrizmu v oboch krajinách.
Gespeichert in:
| 1. Verfasser: | |
|---|---|
| Format: | Buchkapitel |
| Sprache: | Englisch |
| Schlagworte: | |
| Tags: |
Keine Tags, Fügen Sie das erste Tag hinzu!
|
MARC
| LEADER | 00000naa a2200000 4500 | ||
|---|---|---|---|
| 001 | 0278860 | ||
| 005 | 20251001115528.2 | ||
| 041 | 0 | |a eng | |
| 044 | |a CZ | ||
| 245 | 1 | 0 | |a Consumer Ethnocentrism: Comparison of Slovakia and the Czech Republic |c Marián Čvirik |
| 520 | |a Skúmanie úrovne a rozdielov spotrebiteľského etnocentrizmu na Slovensku a v Čechách. Meranie bolo vykonávané na základe nástroja CETSCALE. Prezentácia výsledkov meraní. Demografické faktory (vek a pohlavie) spotrebiteľského etnocentrizmu v oboch krajinách. | ||
| 610 | 2 | 0 | |a spotrebitelia |
| 610 | 2 | 0 | |a správanie spotrebiteľa |
| 610 | 2 | 0 | |a etnocentrizmus spotrebiteľský |
| 610 | 2 | 0 | |a kultúra |
| 610 | 2 | 0 | |a Slovensko |
| 610 | 2 | 0 | |a Česko |
| 100 | 1 | |a Čvirik, Marián, 1992- | |